1209 1123 1062 1099 1085 1962 1239 1092 1548 1342 1215 1756 1365 1418 1428 1433 1626 1448 1912 1973 1959 1954 1343 1377 1860 1101 1183 1442 1074 1563 1982 1139 1553 1296 1135 1460 1203 1292 1460 1438 1389 1395 1395 1121 1697 1973 1680 1285 1701 1697 1850 1931 1571 1600 1892 1351 1576 1853 1584 1442 1658 1959 1527 1571 1825 1063 1425 1727 1216 1027 1365 1388 1125 1913 1215 1990 1770 1211 1190 1524 1049 1689 1582 1471 1743 1907 1877 1048 1536 1712 1316 1623 1648 1381 1616 1854 1493 1140 1959 BCNSPRNW ULIB Ver.6.0+V

เปลี่ยนเป็นภาษาไทย

Change to English
 แสดงรายละเอียดบรรณานุกรม
  กลับหน้าหลัก

Brief Record : Get Marc (ISO 2709) : E-mail record : QR code < ปิดหน้าต่าง
LEADER : 00000nam 2200000uu 4500
001    13399122289
003     ULIB
008    130204s2555||||th 000 0 tha d
020    ^a9789746726832
060  4 ^aWY18^bอ664 2555
100 0  ^aอารีวรรณ กลั่นกลิ่น
245 00 ^aการเรียนรู้โดยใช้ปัญหาเป็นหลักทางพยาบาลศาสตร์ ^b=Problem-Based Learning in Nursing Education /^cอารีวรรณ กลั่นกลิ่น
246 31 Problem-Based Learning in Nursing Education
250    ^aพิมพ์ครั้งที่ 1
260    ^aเชียงใหม่ :^bคณะพยาบาลศาสตร์ มหาวิทยาลัยเชียงใหม่,^c2555
300    ^a180 [1] หน้า
650  0 ^aEDUCATION, NURSING
650  0 ^aการเรียนที่ใช้ปัญหาเป็นฐาน
650  0 ^aการพยาบาล^xการศึกษาและการสอน
945    ^p210^l0^i19799
945    ^p210^l0^i19800
945    ^p210^l0^i19801
995    ทศพร
999    ^aทศพร เกษรทอง
รายการนี้ยังไม่มีแท็ก
คุณยังไม่ได้ล็อกอิน คุณสามารถมีกิจกรรมร่วมกับเว็บไซต์ได้ แต่ต้องล็อกอินก่อน ::
  ล็อกอิน

รายการสื่อสารสนเทศ

ลำดับที่ ประเภท เลขเรียก/บาร์โค้ด สถานที่ สถานะ
1. Book การพยาบาล
Book การพยาบาล
WY18 อ664 2555 ฉ.1 
  Barcode: 19799
ห้องสมุดวิทยาเขตนครสวรรค์
►ส่วนจัดเก็บหนังสือเก่า นว.
บนชั้น
  ขอยืม
2. Book การพยาบาล
Book การพยาบาล
WY18 อ664 2555 ฉ.2 
  Barcode: 19800
ห้องสมุดวิทยาเขตนครสวรรค์
►ส่วนจัดเก็บหนังสือเก่า นว.
บนชั้น
  ขอยืม
3. Book การพยาบาล
Book การพยาบาล
WY18 อ664 2555 ฉ.3 
  Barcode: 19801
ห้องสมุดวิทยาเขตนครสวรรค์
►ส่วนจัดเก็บหนังสือเก่า นว.
บนชั้น
  ขอยืม

รายการใกล้เคียง
    ผู้แต่ง [อารีวรรณ กลั่นกลิ่น]

    หัวเรื่อง [EDUCATION, NURSING]
    หัวเรื่อง [การเรียนที่ใช้ปัญหาเป็นฐาน]

BibComment


ยังไม่เคยถูกคอมเมนท์

คอมเมนท์ทรัพยากรรายการนี้
  คอมเมนท์: การเรียนรู้โดยใช..


 Copyright 2026. Bcnsprnw @Library